LEADER 01162nam1 2200397 450 001 990003160040203316 005 20081014152313.0 035 $a000316004 035 $aUSA01000316004 035 $a(ALEPH)000316004USA01 035 $a000316004 100 $a20081014d1962----km-y0itay50------ba 101 $ager 102 $aAT 105 $a||||||||001yy 200 1 $aSämtliche Schriften$ein zwei Bänden$gherausg. von Franz Glück$fAdolf Loos 210 $aWien$aMünchen$cHerold$d1962 215 $av.$d21 cm 410 0$12001 454 1$12001 461 1$1001-------$12001 463 \1$1001990003160060203316$12001 $a<> : Ins Leere gesprochen$e1897-1900$aTrotzdem$e1900-1930 606 0 $aArchitettura$xArti applicate 676 $a745.2 700 1$aLOOS,$bAdolf$024152 702 1$aGLÜCK,$bFranz 801 0$aIT$bsalbc$gISBD 912 $a990003160040203316 951 $aII.3.A.$bDSLL 959 $aBK 969 $aDSLL 979 $aDSLL$b90$c20081014$lUSA01$h1512 979 $aDSLL$b90$c20081014$lUSA01$h1516 979 $aDSLL$b90$c20081014$lUSA01$h1523 996 $aSämtliche Schriften$91017606 997 $aUNISA